[Event "Bangkok Olympiad 45th Qual"]
[Site "Bangkok"]
[Date "2024.05.06"]
[Round "9"]
[White "Wongsawan, Thoetsak"]
[Black "Teerapabpaisit, Wisuwat"]
[Result "1/2-1/2"]
[WhiteElo "1914"]
[BlackElo "2050"]
[PlyCount "88"]
[EventDate "2024.05.02"]
[EventType "tourn"]
[EventRounds "9"]
[EventCountry "THA"]
[SourceTitle "CB20_2024"]
[SourceDate "2024.05.16"]
[SourceVersion "1"]
[SourceVersionDate "2024.05.16"]
[SourceQuality "1"]

1. Nf3 Nf6 2. d4 d6 3. c4 Bf5 4. Nc3 Nbd7 5. e3 e5 6. Be2 h6 7. 0-0 e4 8. Nd2 c6 9. f3 exf3 10. Bxf3 Bg6 11. Qe2 Be7 12. a4 a5 13. b3 0-0 14. Bb2 Re8 15. e4 Qb6 16. Qf2 Rad8 17. Rad1 Nh7 18. g3 Bf6 19. Ne2 Ng5 20. Bg2 Nxe4 21. Nxe4 Bxe4 22. Bxe4 Rxe4 23. Rd3 Rde8 24. Nf4 R8e7 25. Rfd1 Qd8 26. h4 Qe8 27. R1d2 Re1+ 28. Kg2 R7e3 29. Rxe3 Rxe3 30. Re2 Qe4+ 31. Kh2 Rxe2 32. Qxe2 Qxe2+ 33. Nxe2 c5 34. Kg2 Kf8 35. Kf3 Ke7 36. Ke4 g6 37. Nf4 Bxd4 38. Nd5+ Ke6 39. Nf4+ Ke7 40. Nd5+ Ke6 41. Nf4+ Ke7 42. Nd5+ Ke6 43. Ba3 Bb2 44. Bxb2 Nb8 1/2-1/2

[Event "Bangkok Olympiad 45th Qual"]
[Site "Bangkok"]
[Date "2024.05.03"]
[Round "3"]
[White "Laohawirapap, Prin"]
[Black "Wongsawan, Thoetsak"]
[Result "1-0"]
[WhiteElo "2348"]
[BlackElo "1914"]
[PlyCount "93"]
[EventDate "2024.05.02"]
[EventType "tourn"]
[EventRounds "9"]
[EventCountry "THA"]
[SourceTitle "CB20_2024"]
[SourceDate "2024.05.16"]
[SourceVersion "1"]
[SourceVersionDate "2024.05.16"]
[SourceQuality "1"]

1. e4 c5 2. Nf3 Nc6 3. d4 cxd4 4. Nxd4 e5 5. Nb5 d6 6. N1c3 a6 7. Na3 Be7 8. Be3 Nf6 9. Nc4 Be6 10. Nb6 Rb8 11. Nbd5 b5 12. Nxf6+ gxf6 13. Be2 0-0 14. 0-0 Kh8 15. f4 Rg8 16. f5 Bc4 17. b3 Bxe2 18. Qxe2 Nb4 19. Rf3 Rg4 20. a3 Rc8 21. Rh3 Qg8 22. axb4 Rxc3 23. Rxa6 d5 24. Qxg4 Qxg4 25. Ra8+ Qg8 26. Rxg8+ Kxg8 27. Rg3+ Kh8 28. exd5 Bxb4 29. Bh6 Rxc2 30. Kf1 Bd6 31. Ke1 Rb2 32. Bg7+ Kg8 33. Bh6+ Kh8 34. Kd1 b4 35. Bg7+ Kg8 36. Bh6+ Kh8 37. Kc1 Ra2 38. Rg4 Ra1+ 39. Kc2 Rg1 40. Kd3 Rd1+ 41. Kc4 Rf1 42. Kb5 Rg1 43. Kc6 Bb8 44. Kd7 e4 45. Bg7+ Kg8 46. Bxf6+ Kf8 47. Be7# 1-0

[Event "Bangkok Olympiad 45th Qual"]
[Site "Bangkok"]
[Date "2024.05.02"]
[Round "2"]
[White "Wongsawan, Thoetsak"]
[Black "Khumnorkaew, Tupfah"]
[Result "0-1"]
[WhiteElo "1914"]
[BlackElo "2011"]
[PlyCount "88"]
[EventDate "2024.05.02"]
[EventType "tourn"]
[EventRounds "9"]
[EventCountry "THA"]
[SourceTitle "CB20_2024"]
[SourceDate "2024.05.16"]
[SourceVersion "1"]
[SourceVersionDate "2024.05.16"]
[SourceQuality "1"]

1. e4 d6 2. d4 g6 3. Nc3 Bg7 4. Be3 a6 5. Qd2 b5 6. a4 b4 7. Nd1 Bb7 8. Bd3 a5 9. h4 h5 10. Nh3 Nd7 11. Ng5 Nh6 12. f3 Ba6 13. Nf2 c5 14. c3 c4 15. Be2 Rb8 16. 0-0 e6 17. Nfh3 d5 18. Nf4 Nf6 19. Nfxe6 fxe6 20. Nxe6 Qd7 21. Nc5 Qa7 22. Bf4 Rb6 23. Rae1 Kf8 24. cxb4 Rxb4 25. Bd6+ Kg8 26. Nxa6 Rb6 27. Bc5 Qxa6 28. exd5 Kh7 29. Qc2 Qb7 30. Bxc4 Rxb2 31. Qc1 Nf5 32. Bd3 Bh6 33. Qc3 Nxd5 34. Qxa5 Be3+ 35. Kh2 Qb8+ 36. f4 Bxf4+ 37. Kg1 Bh2+ 38. Kh1 Ng3+ 39. Kxh2 Rb5 40. Rf2 Nf1+ 41. Kg1 Rb2 42. Rfxf1 Qh2+ 43. Kxh2 Kh6 44. Ba3 Rbb8 0-1

[Event "THA-ch"]
[Site "Bangkok"]
[Date "2024.04.17"]
[Round "1"]
[White "Suharuithaya, Virit"]
[Black "Wongsawan, Thoetsak"]
[Result "0-1"]
[WhiteElo "1419"]
[BlackElo "1898"]
[PlyCount "34"]
[EventDate "2024.04.17"]
[EventType "swiss"]
[EventRounds "9"]
[EventCountry "THA"]
[SourceTitle "CB21_2024"]
[SourceDate "2024.05.22"]
[SourceVersion "1"]
[SourceVersionDate "2024.05.22"]
[SourceQuality "1"]

1. e4 c6 2. d4 d5 3. exd5 cxd5 4. Bd3 Nc6 5. c3 Nf6 6. Nf3 Bg4 7. 0-0 e6 8. Nbd2 Bd6 9. Re1 0-0 10. Qc2 Rc8 11. a3 Bf4 12. Nb3 Bxc1 13. Raxc1 Bxf3 14. gxf3 Qd6 15. Qd2 Nh5 16. Qg5 Nf4 17. Re5 Nh3+ 0-1

[Event "THA-ch Rapid"]
[Site "Bangkok"]
[Date "2023.12.07"]
[Round "11"]
[White "Bootsumran, Sirin"]
[Black "Wongsawan, Thoetsak"]
[Result "0-1"]
[WhiteElo "1278"]
[BlackElo "1745"]
[PlyCount "90"]
[EventDate "2023.12.05"]
[EventType "swiss (rapid)"]
[EventRounds "13"]
[EventCountry "THA"]
[SourceTitle "CB50_2023"]
[SourceDate "2023.12.13"]
[SourceVersion "1"]
[SourceVersionDate "2023.12.13"]
[SourceQuality "1"]

1. d4 Nf6 2. Nf3 e6 3. c4 c5 4. e3 cxd4 5. exd4 d5 6. Bg5 Be7 7. Nc3 0-0 8. cxd5 Nxd5 9. Bxe7 Nxe7 10. Bd3 h6 11. 0-0 b6 12. Be4 Nbc6 13. Qa4 Bb7 14. Rfd1 Na5 15. Rac1 Bxe4 16. Nxe4 Nd5 17. Ne5 Nb7 18. Rc6 Qe7 19. Rdc1 Na5 20. R6c2 Rfd8 21. a3 f6 22. b4 fxe5 23. bxa5 Qh4 24. Nd2 e4 25. Qc6 Qg4 26. h3 Qg6 27. Re1 e3 28. fxe3 Rac8 29. Qxc8 Rxc8 30. Rxc8+ Kh7 31. Nf3 Qd3 32. axb6 axb6 33. Rc6 Qe4 34. Nd2 Qg6 35. a4 Qg3 36. Nf3 Qg6 37. Kf2 Qe8 38. Ne5 h5 39. Kg1 h4 40. e4 Nf4 41. Kf2 Qh5 42. Rc3 Qg5 43. Ng4 Nh5 44. Re2 Ng3 45. Re1 Qd2+ 0-1

[Event "THA-ch 46th"]
[Site "Bangkok"]
[Date "2023.04.13"]
[Round "4"]
[White "Burbach, Brunel Baron"]
[Black "Wongsawan, Thoetsak"]
[Result "0-1"]
[WhiteElo "1934"]
[BlackElo "1849"]
[PlyCount "70"]
[EventDate "2023.04.12"]
[EventType "swiss"]
[EventRounds "9"]
[EventCountry "THA"]
[SourceTitle "CBM 213 Extra"]
[Source "ChessBase"]
[SourceDate "2023.05.31"]
[SourceVersion "1"]
[SourceVersionDate "2023.05.31"]
[SourceQuality "1"]

1. e4 c5 2. Nf3 Nc6 3. c3 d5 4. exd5 Qxd5 5. d4 e6 6. Be3 cxd4 7. cxd4 Nf6 8. Nc3 Qd8 9. Bd3 Be7 10. 0-0 0-0 11. Rc1 b6 12. Bb1 Bb7 13. a3 Nd5 14. Qd3 g6 15. Bh6 Re8 16. Ne4 Nf6 17. Rfd1 Qd5 18. Qe2 Na5 19. Ng3 Rac8 20. b4 Nb3 21. Rxc8 Rxc8 22. Ba2 a5 23. bxa5 bxa5 24. a4 Rc3 25. Rd3 Nc1 26. Bxc1 Rxc1+ 27. Nf1 Qd6 28. Rd1 Rxd1 29. Qxd1 Bxf3 30. Qxf3 Qxd4 31. Qa8+ Bd8 32. h3 Kg7 33. Bb3 Bb6 34. Qf3 Ne4 35. Qe3 Qb4 0-1

[Event "Pattaya CAD op"]
[Site "Pattaya"]
[Date "2023.04.04"]
[Round "6"]
[White "Wongsawan, Thoetsak"]
[Black "Khoonmee, Yoodthana"]
[Result "1-0"]
[WhiteElo "1849"]
[BlackElo "1391"]
[PlyCount "55"]
[EventDate "2023.04.01"]
[EventType "swiss"]
[EventRounds "7"]
[EventCountry "THA"]
[SourceTitle "CBM 213 Extra"]
[Source "ChessBase"]
[SourceDate "2023.05.31"]
[SourceVersion "1"]
[SourceVersionDate "2023.05.31"]
[SourceQuality "1"]

1. e4 e6 2. d4 c5 3. d5 Nf6 4. Nc3 d6 5. Nf3 a6 6. a4 Be7 7. Be2 exd5 8. exd5 0-0 9. h3 Nbd7 10. Bf4 Re8 11. 0-0 Nf8 12. Bh2 Bf5 13. Nd2 Qc7 14. a5 h6 15. Nc4 Rad8 16. Bd3 Bg6 17. Ra4 Bxd3 18. Qxd3 Ng6 19. f4 Nd7 20. Ne4 Nf6 21. Ng3 Bf8 22. Nf5 Ne7 23. Nfe3 Nc8 24. Bg3 Rd7 25. Bh4 Be7 26. Nf5 Ne4 27. Qxe4 Bf8 28. Qxe8 1-0

[Event "Pattaya CAD op"]
[Site "Pattaya"]
[Date "2023.04.02"]
[Round "3"]
[White "Chernyavsky, Alexander"]
[Black "Wongsawan, Thoetsak"]
[Result "1-0"]
[WhiteElo "2327"]
[BlackElo "1849"]
[PlyCount "57"]
[EventDate "2023.04.01"]
[EventType "swiss"]
[EventRounds "7"]
[EventCountry "THA"]
[SourceTitle "CBM 213 Extra"]
[Source "ChessBase"]
[SourceDate "2023.05.31"]
[SourceVersion "1"]
[SourceVersionDate "2023.05.31"]
[SourceQuality "1"]

1. d4 d5 2. c4 c6 3. Nc3 Nf6 4. Nf3 dxc4 5. a4 Bf5 6. Ne5 Nbd7 7. Nxc4 Qc7 8. g3 e5 9. dxe5 Nxe5 10. Bf4 Nfd7 11. Bg2 g5 12. Ne3 gxf4 13. Nxf5 0-0-0 14. Qc2 Bb4 15. 0-0 Rdg8 16. Qe4 Bf8 17. gxf4 Ng6 18. e3 Nf6 19. Qd4 Nd7 20. b4 Kb8 21. Rfd1 Nb6 22. a5 Nc8 23. a6 b6 24. Nb5 Nxf4 25. Nxc7 Ne2+ 26. Kf1 Nxd4 27. Rxd4 Rg5 28. Rd7 Rxf5 29. Ne8 1-0

[Event "Pattaya CAD op"]
[Site "Pattaya"]
[Date "2023.04.01"]
[Round "2"]
[White "Wongsawan, Thoetsak"]
[Black "Osterhus, Omar Torbjorn"]
[Result "1-0"]
[WhiteElo "1849"]
[BlackElo "1351"]
[PlyCount "51"]
[EventDate "2023.04.01"]
[EventType "swiss"]
[EventRounds "7"]
[EventCountry "THA"]
[SourceTitle "CBM 213 Extra"]
[Source "ChessBase"]
[SourceDate "2023.05.31"]
[SourceVersion "1"]
[SourceVersionDate "2023.05.31"]
[SourceQuality "1"]

1. e4 d5 2. exd5 Qxd5 3. Nc3 Qa5 4. d4 Nf6 5. Bd2 Nc6 6. Nb5 Qb6 7. c4 Nxd4 8. Nxd4 Qxd4 9. Nf3 Qd8 10. Qc2 Bg4 11. 0-0-0 Qc8 12. Bd3 g6 13. h3 Bf5 14. g4 Bxd3 15. Qxd3 Bg7 16. Rhe1 0-0 17. Rxe7 Rd8 18. Qc2 Bf8 19. Ree1 b6 20. Bc3 Rxd1+ 21. Qxd1 Bg7 22. Re7 Ne8 23. Qd5 Nd6 24. Bxg7 Kxg7 25. Ng5 Qf8 26. Ne6+ 1-0

[Event "Bangkok Thailand op"]
[Site "Bangkok"]
[Date "2021.12.16"]
[Round "2"]
[White "Kulpruethanon, Thanadon"]
[Black "Wongsawan, Thoetsak"]
[Result "1-0"]
[WhiteElo "2278"]
[BlackElo "1804"]
[PlyCount "85"]
[EventDate "2021.12.15"]
[EventType "swiss"]
[EventRounds "9"]
[EventCountry "THA"]
[SourceTitle "CBM 206 Extra"]
[Source "ChessBase"]
[SourceDate "2022.03.31"]
[SourceVersion "1"]
[SourceVersionDate "2022.03.31"]
[SourceQuality "1"]

1. e4 c5 2. c3 Nf6 3. e5 Nd5 4. d4 cxd4 5. Nf3 Nc6 6. Bc4 e6 7. cxd4 d6 8. 0-0 Be7 9. a3 a6 10. Qe2 0-0 11. Bd3 Bd7 12. Qe4 f5 13. exf6 Nxf6 14. Qe2 Qe8 15. Nc3 Qh5 16. Bf4 Nd5 17. Bg3 Nf4 18. Qe3 Nxd3 19. Qxd3 Rad8 20. d5 Ne5 21. Nxe5 dxe5 22. Qe3 exd5 23. Nxd5 Bg5 24. Qxe5 Rfe8 25. Qc3 Bc6 26. Nc7 Re2 27. Rfe1 Rdd2 28. Qc4+ Kh8 29. Ne6 Rxe1+ 30. Rxe1 Bf6 31. Nf4 Qd1 32. Qe6 Bd7 33. Qe4 Bc6 34. Qe6 Bd7 35. Qe3 Bd4 36. Qe7 h6 37. Ng6+ Kg8 38. Qd8+ Kh7 39. Nf8+ Kg8 40. Nxd7+ Kh7 41. Qe7 Be3 42. Nf6+ Kg6 43. Qxe3 1-0

[Event "Bangkok Thailand op"]
[Site "Bangkok"]
[Date "2021.12.15"]
[Round "1"]
[White "Wongsawan, Thoetsak"]
[Black "Bootsumran, Sirin"]
[Result "1-0"]
[WhiteElo "1804"]
[BlackElo "1213"]
[PlyCount "45"]
[EventDate "2021.12.15"]
[EventType "swiss"]
[EventRounds "9"]
[EventCountry "THA"]
[SourceTitle "CBM 206 Extra"]
[Source "ChessBase"]
[SourceDate "2022.03.31"]
[SourceVersion "1"]
[SourceVersionDate "2022.03.31"]
[SourceQuality "1"]

1. e4 c5 2. d4 cxd4 3. c3 dxc3 4. Nxc3 Nc6 5. Nf3 g6 6. Bc4 Bg7 7. e5 Nxe5 8. Nxe5 Bxe5 9. Bxf7+ Kxf7 10. Qd5+ e6 11. Qxe5 Qf6 12. Qc7 Ne7 13. Ne4 Nd5 14. Qg3 Qd4 15. Nd6+ Kg7 16. 0-0 Rf8 17. Be3 Qf6 18. Rad1 Kg8 19. Bh6 Rd8 20. Bg5 Qxb2 21. Bxd8 b6 22. Rxd5 exd5 23. Qf3 1-0